[Event "World Youth & Cadets Blitz Championships"]
[Site "Rhodes, Greece"]
[Date "2022.05.03"]
[Round "2.36"]
[White "Starosta, Martyna"]
[Black "Nel, Hayley"]
[Result "1-0"]
[TimeControl "5'/game & 2\"/move"]
[WhiteElo "1707"]
[BlackElo "1206"]

1. e4 {[%clk 00:05:02]} {[%emt 00:00:02]} e5 {[%clk 00:05:04]} {[%emt
00:00:01]} 2. Nf3 {[%clk 00:05:02]} {[%emt 00:00:01]} Nc6 {[%clk 00:05:04]}
{[%emt 00:00:02]} 3. Bb5 {[%clk 00:05:01]} {[%emt 00:00:04]} a6 {[%clk
00:05:05]} {[%emt 00:00:01]} 4. Ba4 {[%clk 00:05:02]} Nge7 {[%clk 00:05:05]}
{[%emt 00:00:01]} 5. Nc3 {[%clk 00:04:57]} {[%emt 00:00:07]} g6 {[%clk
00:05:06]} {[%emt 00:00:02]} 6. d4 {[%clk 00:04:53]} {[%emt 00:00:06]} b5
{[%clk 00:04:52]} {[%emt 00:00:16]} 7. Bb3 {[%clk 00:04:37]} {[%emt 00:00:18]}
exd4 {[%clk 00:04:52]} {[%emt 00:00:02]} 8. Nd5 {[%clk 00:04:37]} {[%emt
00:00:02]} Bg7 {[%clk 00:04:36]} {[%emt 00:00:17]} 9. Bg5 {[%clk 00:04:36]}
{[%emt 00:00:03]} O-O {[%clk 00:04:25]} {[%emt 00:00:14]} 10. Nf6+ {[%clk
00:04:08]} {[%emt 00:00:29]} Kh8 {[%clk 00:03:54]} {[%emt 00:00:33]} 11. Qd2
{[%clk 00:03:33]} {[%emt 00:00:37]} d6 {[%clk 00:03:40]} {[%emt 00:00:16]} 12.
O-O-O {[%clk 00:02:47]} {[%emt 00:00:49]} Be6 {[%clk 00:03:33]} {[%emt
00:00:08]} 13. Nd5 {[%clk 00:02:35]} {[%emt 00:00:14]} Qd7 {[%clk 00:03:00]}
{[%emt 00:00:35]} 14. Bf6 {[%clk 00:01:55]} {[%emt 00:00:43]} Bxd5 {[%clk
00:02:49]} {[%emt 00:00:13]} 15. Bxg7+ {[%clk 00:01:53]} {[%emt 00:00:03]} Kxg7
{[%clk 00:02:49]} {[%emt 00:00:02]} 16. Bxd5 {[%clk 00:01:46]} {[%emt
00:00:09]} Nxd5 {[%clk 00:02:44]} {[%emt 00:00:07]} 17. exd5 {[%clk 00:01:47]}
{[%emt 00:00:01]} Ne5 {[%clk 00:02:41]} {[%emt 00:00:05]} 18. Qxd4 {[%clk
00:01:47]} {[%emt 00:00:02]} f6 {[%clk 00:02:38]} {[%emt 00:00:05]} 19. h4
{[%clk 00:01:31]} {[%emt 00:00:17]} Qg4 {[%clk 00:02:27]} {[%emt 00:00:14]} 20.
Qe3 {[%clk 00:01:00]} {[%emt 00:00:34]} Qxg2 {[%clk 00:01:21]} {[%emt
00:01:07]} 21. Nd4 {[%clk 00:00:54]} {[%emt 00:00:09]} Qg4 {[%clk 00:01:15]}
{[%emt 00:00:08]} 22. Ne6+ {[%clk 00:00:53]} {[%emt 00:00:03]} Kf7 {[%emt
00:00:07]} 23. Qh6 {[%clk 00:00:38]} {[%emt 00:00:15]} Ke7 {[%clk 00:00:09]}
{[%emt 00:01:04]} 24. Nxf8 {[%clk 00:00:28]} {[%emt 00:00:12]} Rxf8 {[%clk
00:00:10]} {[%emt 00:00:02]} 25. f4 {[%clk 00:00:21]} {[%emt 00:00:09]} Nc4
{[%clk 00:00:00]} {[%emt 00:00:09]} 1-0

[Event "World Youth & Cadets Blitz Championships"]
[Site "Rhodes, Greece"]
[Date "2022.05.03"]
[Round "2.37"]
[White "Hajdinic, Ema"]
[Black "Kawa, Anna"]
[Result "0-1"]
[TimeControl "5'/game & 2\"/move"]
[WhiteElo "1656"]
[BlackElo "1353"]

1. e4 {[%clk 00:05:02]} {[%emt 00:00:01]} Nc6 {[%clk 00:05:03]} {[%emt
00:00:01]} 2. d4 {[%clk 00:05:02]} {[%emt 00:00:02]} d5 {[%clk 00:05:04]}
{[%emt 00:00:01]} 3. exd5 {[%clk 00:05:01]} {[%emt 00:00:03]} Qxd5 {[%clk
00:05:05]} {[%emt 00:00:02]} 4. Nf3 {[%clk 00:05:01]} {[%emt 00:00:01]} e5
{[%clk 00:05:05]} {[%emt 00:00:02]} 5. dxe5 {[%clk 00:04:39]} {[%emt 00:00:24]}
Qxd1+ {[%clk 00:03:31]} {[%emt 00:01:37]} 6. Kxd1 {[%clk 00:04:40]} {[%emt
00:00:01]} Bg4 {[%clk 00:03:32]} 7. Bb5 {[%clk 00:03:52]} {[%emt 00:00:50]}
O-O-O+ {[%clk 00:03:33]} {[%emt 00:00:02]} 8. Ke1 {[%clk 00:03:53]} {[%emt
00:00:01]} Bxf3 {[%clk 00:03:31]} {[%emt 00:00:03]} 9. gxf3 {[%clk 00:03:42]}
{[%emt 00:00:13]} Nxe5 {[%clk 00:03:30]} {[%emt 00:00:03]} 10. Be2 {[%clk
00:03:33]} {[%emt 00:00:12]} Re8 {[%clk 00:03:09]} {[%emt 00:00:23]} 11. Be3
{[%clk 00:03:30]} {[%emt 00:00:04]} a6 {[%clk 00:03:07]} {[%emt 00:00:04]} 12.
Nd2 {[%clk 00:03:06]} {[%emt 00:00:26]} Nf6 {[%clk 00:03:07]} {[%emt 00:00:03]}
13. Kf1 {[%clk 00:02:56]} {[%emt 00:00:11]} Nd5 {[%clk 00:02:56]} {[%emt
00:00:13]} 14. Rd1 {[%clk 00:02:35]} {[%emt 00:00:24]} Nxe3+ {[%clk 00:02:54]}
{[%emt 00:00:04]} 15. fxe3 {[%clk 00:02:36]} Bc5 {[%clk 00:02:52]} {[%emt
00:00:04]} 16. e4 {[%clk 00:02:30]} {[%emt 00:00:09]} Rhf8 {[%clk 00:02:43]}
{[%emt 00:00:11]} 17. Nb3 {[%clk 00:02:30]} {[%emt 00:00:02]} Bb6 {[%clk
00:02:41]} {[%emt 00:00:03]} 18. Kg2 {[%clk 00:02:17]} {[%emt 00:00:16]} f5
{[%clk 00:02:40]} {[%emt 00:00:03]} 19. Bd3 {[%clk 00:02:10]} {[%emt 00:00:09]}
Nxf3 {[%clk 00:02:17]} {[%emt 00:00:25]} 20. exf5 {[%clk 00:01:38]} {[%emt
00:00:33]} Nh4+ {[%clk 00:02:18]} {[%emt 00:00:02]} 21. Kg3 {[%clk 00:01:26]}
{[%emt 00:00:13]} Nxf5+ {[%clk 00:02:18]} {[%emt 00:00:03]} 22. Bxf5+ {[%clk
00:01:23]} {[%emt 00:00:05]} Rxf5 {[%clk 00:02:19]} 23. Rhf1 {[%clk 00:01:14]}
{[%emt 00:00:11]} Rg5+ {[%clk 00:02:01]} {[%emt 00:00:20]} 24. Kf3 {[%clk
00:01:02]} {[%emt 00:00:14]} Rf8+ {[%clk 00:01:58]} {[%emt 00:00:05]} 25. Ke2
{[%clk 00:01:02]} {[%emt 00:00:03]} Re5+ {[%clk 00:01:53]} {[%emt 00:00:07]} 26.
Kd3 {[%clk 00:00:54]} {[%emt 00:00:10]} Re3+ {[%clk 00:01:42]} {[%emt
00:00:12]} 27. Kd2 {[%clk 00:00:47]} {[%emt 00:00:10]} Rd8+ {[%clk 00:01:32]}
{[%emt 00:00:12]} 28. Kc1 {[%clk 00:00:48]} Re2 {[%clk 00:01:25]} {[%emt
00:00:09]} 29. Rxd8+ {[%clk 00:00:30]} {[%emt 00:00:19]} Kxd8 {[%clk 00:01:26]}
30. Rf7 {[%clk 00:00:32]} {[%emt 00:00:01]} Rxh2 {[%clk 00:00:50]} {[%emt
00:00:38]} 31. Rxg7 {[%clk 00:00:29]} {[%emt 00:00:04]} h5 {[%clk 00:00:48]}
{[%emt 00:00:05]} 32. c3 {[%clk 00:00:15]} {[%emt 00:00:15]} h4 {[%clk
00:00:48]} {[%emt 00:00:02]} 33. Rh7 {[%clk 00:00:11]} {[%emt 00:00:07]} h3
{[%clk 00:00:48]} {[%emt 00:00:01]} 34. Nd4 {[%clk 00:00:11]} {[%emt 00:00:03]}
Bxd4 {[%clk 00:00:44]} {[%emt 00:00:05]} 35. cxd4 {[%clk 00:00:12]} Rh1+ {[%clk
00:00:44]} {[%emt 00:00:02]} 36. Kc2 {[%clk 00:00:12]} {[%emt 00:00:02]} h2
{[%clk 00:00:46]} {[%emt 00:00:01]} 37. Kb3 {[%clk 00:00:11]} {[%emt 00:00:03]}
b6 {[%clk 00:00:41]} {[%emt 00:00:07]} 38. a4 {[%clk 00:00:11]} {[%emt
00:00:02]} a5 {[%clk 00:00:34]} {[%emt 00:00:09]} 39. d5 {[%clk 00:00:09]}
{[%emt 00:00:04]} Kc8 {[%clk 00:00:25]} {[%emt 00:00:11]} 40. Rh6 {[%clk
00:00:09]} {[%emt 00:00:02]} Kd7 {[%clk 00:00:23]} {[%emt 00:00:04]} 41. Rh7+
{[%clk 00:00:07]} {[%emt 00:00:04]} Kd6 {[%clk 00:00:24]} {[%emt 00:00:01]} 42.
Rh5 {[%clk 00:00:08]} Kc5 {[%clk 00:00:21]} {[%emt 00:00:05]} 43. Rh4 {[%clk
00:00:03]} {[%emt 00:00:07]} Kxd5 {[%clk 00:00:20]} {[%emt 00:00:02]} 44. Rh5+
{[%clk 00:00:03]} {[%emt 00:00:02]} Kc6 {[%clk 00:00:21]} 45. Rh6+ {[%clk
00:00:04]} {[%emt 00:00:01]} Kb7 {[%clk 00:00:23]} 46. Rh5 {[%clk 00:00:05]} c6
{[%clk 00:00:19]} {[%emt 00:00:05]} 47. Rh7+ {[%clk 00:00:06]} {[%emt
00:00:01]} Ka6 {[%clk 00:00:21]} {[%emt 00:00:01]} 48. Rh6 {[%clk 00:00:07]}
Ka7 {[%clk 00:00:09]} {[%emt 00:00:13]} 49. Rh7+ {[%clk 00:00:08]} {[%emt
00:00:01]} Kb8 {[%clk 00:00:10]} {[%emt 00:00:01]} 50. Rh8+ {[%clk 00:00:09]}
{[%emt 00:00:02]} Kc7 {[%clk 00:00:11]} 51. Rh7+ {[%clk 00:00:10]} {[%emt
00:00:01]} Kd6 {[%clk 00:00:13]} 52. Rh6+ {[%clk 00:00:10]} {[%emt 00:00:02]}
Kd5 {[%clk 00:00:15]} 53. Rh5+ {[%clk 00:00:11]} Ke4 {[%emt 00:00:02]} 54. Rh6
{[%clk 00:00:10]} {[%emt 00:00:02]} Kf3 {[%clk 00:00:15]} {[%emt 00:00:02]} 55.
Rxc6 {[%emt 00:00:10]} Rg1 {[%clk 00:00:12]} {[%emt 00:00:03]} 56. Rf6 {[%clk
00:00:03]} {[%emt 00:00:03]} Ke4 {[%clk 00:00:13]} {[%emt 00:00:01]} 57. Re6+
{[%clk 00:00:04]} {[%emt 00:00:02]} Kd5 {[%clk 00:00:14]} 58. Rh6 {[%clk
00:00:05]} h1=Q {[%clk 00:00:15]} {[%emt 00:00:01]} 59. Rxh1 {[%clk 00:00:06]}
{[%emt 00:00:01]} Rxh1 {[%clk 00:00:16]} {[%emt 00:00:02]} 60. Ka3 {[%clk
00:00:07]} Kc4 {[%clk 00:00:14]} {[%emt 00:00:03]} 61. b3+ {[%clk 00:00:08]}
{[%emt 00:00:02]} Kc3 {[%clk 00:00:14]} {[%emt 00:00:02]} 62. Ka2 {[%clk
00:00:08]} {[%emt 00:00:02]} Rg1 {[%clk 00:00:11]} {[%emt 00:00:04]} 63. b4
{[%clk 00:00:07]} {[%emt 00:00:04]} axb4 {[%clk 00:00:06]} {[%emt 00:00:07]} 64.
a5 {[%clk 00:00:08]} b3+ {[%clk 00:00:08]} 0-1

[Event "World Youth & Cadets Blitz Championships"]
[Site "Rhodes, Greece"]
[Date "2022.05.03"]
[Round "2.39"]
[White "Patel, Diah Dipal"]
[Black "Smietanska, Wiktoria"]
[Result "0-1"]
[TimeControl "5'/game & 2\"/move"]
[WhiteElo "1308"]
[BlackElo "1890"]

1. e4 {[%clk 00:05:02]} {[%emt 00:00:02]} c5 {[%clk 00:05:03]} {[%emt
00:00:01]} 2. Nc3 {[%clk 00:05:01]} {[%emt 00:00:03]} Nc6 {[%clk 00:04:57]}
{[%emt 00:00:08]} 3. g3 {[%clk 00:05:02]} g6 {[%clk 00:04:58]} {[%emt
00:00:01]} 4. Bg2 {[%clk 00:05:03]} {[%emt 00:00:01]} Bg7 {[%clk 00:04:59]} 5.
d3 {[%clk 00:05:03]} {[%emt 00:00:02]} e6 {[%clk 00:05:00]} {[%emt 00:00:01]} 6.
h3 {[%clk 00:05:04]} Nge7 {[%clk 00:05:00]} {[%emt 00:00:02]} 7. Be3 {[%clk
00:05:03]} {[%emt 00:00:03]} d6 {[%clk 00:05:00]} {[%emt 00:00:01]} 8. f4
{[%clk 00:04:59]} {[%emt 00:00:06]} Rb8 {[%clk 00:05:00]} {[%emt 00:00:03]} 9.
Nf3 {[%clk 00:04:56]} {[%emt 00:00:05]} b5 {[%clk 00:04:50]} {[%emt 00:00:12]}
10. O-O {[%clk 00:04:51]} {[%emt 00:00:07]} O-O {[%clk 00:04:49]} {[%emt
00:00:03]} 11. g4 {[%clk 00:04:49]} {[%emt 00:00:03]} f5 {[%clk 00:04:46]}
{[%emt 00:00:05]} 12. g5 {[%clk 00:04:26]} {[%emt 00:00:26]} b4 {[%clk
00:04:32]} {[%emt 00:00:16]} 13. Ne2 {[%clk 00:04:24]} {[%emt 00:00:03]} Bxb2
{[%clk 00:04:27]} {[%emt 00:00:08]} 14. Rb1 {[%clk 00:04:19]} {[%emt 00:00:07]}
Bg7 {[%clk 00:04:27]} {[%emt 00:00:02]} 15. h4 {[%clk 00:04:18]} {[%emt
00:00:03]} Qa5 {[%clk 00:04:21]} {[%emt 00:00:08]} 16. h5 {[%clk 00:04:14]}
{[%emt 00:00:06]} Ba6 {[%clk 00:04:01]} {[%emt 00:00:22]} 17. h6 {[%clk
00:03:39]} {[%emt 00:00:37]} Bh8 {[%clk 00:04:01]} {[%emt 00:00:02]} 18. Nh4
{[%clk 00:03:35]} {[%emt 00:00:05]} Qb5 {[%clk 00:03:44]} {[%emt 00:00:20]} 19.
Ng3 {[%clk 00:03:28]} {[%emt 00:00:08]} Nd4 {[%clk 00:02:45]} {[%emt 00:01:02]}
20. c3 {[%clk 00:02:46]} {[%emt 00:00:43]} Ndc6 {[%clk 00:02:35]} {[%emt
00:00:13]} 21. c4 {[%clk 00:02:42]} {[%emt 00:00:06]} Qb6 {[%clk 00:02:14]}
{[%emt 00:00:22]} 22. Qf3 {[%clk 00:02:28]} {[%emt 00:00:16]} Nd4 {[%clk
00:02:13]} {[%emt 00:00:04]} 23. Bxd4 {[%clk 00:02:21]} {[%emt 00:00:09]} Bxd4+
{[%clk 00:02:13]} {[%emt 00:00:02]} 24. Kh1 {[%clk 00:02:20]} {[%emt 00:00:02]}
Bb7 {[%clk 00:02:12]} {[%emt 00:00:03]} 25. Qe2 {[%clk 00:01:42]} {[%emt
00:00:41]} Rbe8 {[%clk 00:01:48]} {[%emt 00:00:25]} 26. exf5 {[%clk 00:01:22]}
{[%emt 00:00:23]} Nxf5 {[%clk 00:01:39]} {[%emt 00:00:12]} 27. Qg4 {[%clk
00:00:54]} {[%emt 00:00:29]} Ne3 {[%clk 00:01:31]} {[%emt 00:00:09]} 28. Qe2
{[%clk 00:00:50]} {[%emt 00:00:07]} Nxf1 {[%clk 00:01:30]} {[%emt 00:00:02]} 29.
Rxf1 {[%clk 00:00:47]} {[%emt 00:00:05]} Bxg2+ {[%clk 00:01:30]} {[%emt
00:00:03]} 30. Nxg2 {[%clk 00:00:47]} {[%emt 00:00:02]} Qc6 {[%clk 00:01:19]}
{[%emt 00:00:12]} 31. Qg4 {[%clk 00:00:32]} {[%emt 00:00:18]} a5 {[%clk
00:01:02]} {[%emt 00:00:19]} 32. f5 {[%clk 00:00:08]} {[%emt 00:00:25]} exf5
{[%emt 00:00:25]} 0-1

[Event "World Youth & Cadets Blitz Championships"]
[Site "Rhodes, Greece"]
[Date "2022.05.03"]
[Round "2.40"]
[White "Hnatyshyn, Anastasiia"]
[Black "Zagorac, Lara"]
[Result "1-0"]
[TimeControl "5'/game & 2\"/move"]
[WhiteElo "1784"]
[BlackElo "1358"]

1. e4 {[%clk 00:05:02]} {[%emt 00:00:02]} c5 {[%clk 00:05:04]} {[%emt
00:00:01]} 2. Nf3 {[%clk 00:05:02]} {[%emt 00:00:02]} Nc6 {[%clk 00:05:03]}
{[%emt 00:00:02]} 3. d4 {[%clk 00:05:02]} {[%emt 00:00:02]} cxd4 {[%clk
00:05:01]} {[%emt 00:00:04]} 4. Nxd4 {[%clk 00:05:02]} {[%emt 00:00:02]} g6
{[%clk 00:05:02]} {[%emt 00:00:02]} 5. c4 {[%clk 00:05:00]} {[%emt 00:00:04]}
Bg7 {[%clk 00:05:00]} {[%emt 00:00:03]} 6. Be3 {[%clk 00:04:59]} {[%emt
00:00:02]} d6 {[%clk 00:04:53]} {[%emt 00:00:10]} 7. Nc3 {[%clk 00:04:59]}
{[%emt 00:00:02]} Bd7 {[%clk 00:04:53]} {[%emt 00:00:02]} 8. Be2 {[%clk
00:04:58]} {[%emt 00:00:03]} Nf6 {[%clk 00:04:54]} {[%emt 00:00:02]} 9. O-O
{[%clk 00:04:55]} {[%emt 00:00:04]} O-O {[%clk 00:04:53]} {[%emt 00:00:03]} 10.
Rc1 {[%clk 00:04:52]} {[%emt 00:00:04]} a6 {[%clk 00:04:32]} {[%emt 00:00:24]}
11. f3 {[%clk 00:04:43]} {[%emt 00:00:11]} Rc8 {[%clk 00:04:07]} {[%emt
00:00:27]} 12. Qd2 {[%clk 00:04:35]} {[%emt 00:00:10]} Nxd4 {[%clk 00:03:49]}
{[%emt 00:00:21]} 13. Bxd4 {[%clk 00:04:33]} {[%emt 00:00:03]} Bc6 {[%clk
00:03:43]} {[%emt 00:00:09]} 14. Rfd1 {[%clk 00:03:59]} {[%emt 00:00:35]} Nd7
{[%clk 00:03:18]} {[%emt 00:00:27]} 15. Bxg7 {[%clk 00:03:58]} {[%emt
00:00:03]} Kxg7 {[%clk 00:03:19]} {[%emt 00:00:01]} 16. Kh1 {[%clk 00:03:49]}
{[%emt 00:00:11]} Kg8 {[%clk 00:03:16]} {[%emt 00:00:06]} 17. b3 {[%clk
00:03:36]} {[%emt 00:00:15]} Nc5 {[%clk 00:03:01]} {[%emt 00:00:17]} 18. Qe3
{[%clk 00:03:28]} {[%emt 00:00:09]} Qc7 {[%clk 00:02:34]} {[%emt 00:00:29]} 19.
f4 {[%clk 00:02:22]} {[%emt 00:01:09]} Rcd8 {[%clk 00:02:00]} {[%emt 00:00:35]}
20. Bf3 {[%clk 00:02:04]} {[%emt 00:00:20]} f5 {[%clk 00:01:24]} {[%emt
00:00:39]} 21. exf5 {[%clk 00:01:45]} {[%emt 00:00:21]} Bxf3 {[%clk 00:01:20]}
{[%emt 00:00:06]} 22. Qxf3 {[%clk 00:01:43]} {[%emt 00:00:03]} Rxf5 {[%clk
00:01:18]} {[%emt 00:00:04]} 23. Qe3 {[%clk 00:01:25]} {[%emt 00:00:21]} Rdf8
{[%clk 00:01:01]} {[%emt 00:00:18]} 24. b4 {[%clk 00:01:15]} {[%emt 00:00:12]}
Nd7 {[%clk 00:00:51]} {[%emt 00:00:12]} 25. Nd5 {[%clk 00:01:15]} {[%emt
00:00:02]} Qd8 {[%clk 00:00:37]} {[%emt 00:00:16]} 26. Nxe7+ {[%clk 00:01:13]}
{[%emt 00:00:04]} Kg7 {[%clk 00:00:29]} {[%emt 00:00:10]} 27. Nxf5+ {[%clk
00:01:13]} {[%emt 00:00:02]} Rxf5 {[%clk 00:00:29]} {[%emt 00:00:02]} 28. Rxd6
{[%clk 00:01:11]} {[%emt 00:00:04]} Rf7 {[%clk 00:00:23]} {[%emt 00:00:08]} 29.
Rcd1 {[%clk 00:01:10]} {[%emt 00:00:04]} Qc8 {[%clk 00:00:22]} {[%emt
00:00:03]} 30. c5 {[%clk 00:00:52]} {[%emt 00:00:19]} Kg8 {[%clk 00:00:17]}
{[%emt 00:00:07]} 31. Qe6 {[%clk 00:00:52]} {[%emt 00:00:02]} 1-0

[Event "World Youth & Cadets Blitz Championships"]
[Site "Rhodes, Greece"]
[Date "2022.05.03"]
[Round "2.41"]
[White "Rzadkowska, Kaja"]
[Black "Onipko, Kateryna"]
[Result "0-1"]
[TimeControl "5'/game & 2\"/move"]
[WhiteElo "1190"]
[BlackElo "1439"]

1. d4 {[%clk 00:05:02]} {[%emt 00:00:01]} Nf6 {[%clk 00:05:03]} {[%emt
00:00:01]} 2. Nf3 {[%clk 00:05:02]} {[%emt 00:00:02]} g6 {[%clk 00:05:03]}
{[%emt 00:00:02]} 3. g3 {[%clk 00:05:02]} {[%emt 00:00:02]} Bg7 {[%clk
00:05:04]} {[%emt 00:00:01]} 4. b3 {[%clk 00:05:00]} {[%emt 00:00:03]} O-O
{[%clk 00:05:04]} {[%emt 00:00:02]} 5. Bg2 {[%clk 00:05:00]} {[%emt 00:00:02]}
d6 {[%clk 00:05:05]} {[%emt 00:00:02]} 6. Bb2 {[%clk 00:05:00]} {[%emt
00:00:02]} Nbd7 {[%clk 00:05:05]} {[%emt 00:00:02]} 7. O-O {[%clk 00:04:57]}
{[%emt 00:00:04]} Rb8 {[%clk 00:05:05]} {[%emt 00:00:02]} 8. c4 {[%clk
00:04:57]} {[%emt 00:00:02]} b6 {[%clk 00:04:56]} {[%emt 00:00:12]} 9. Nc3
{[%clk 00:04:53]} {[%emt 00:00:05]} Bb7 {[%clk 00:04:57]} {[%emt 00:00:02]} 10.
Qd2 {[%clk 00:04:51]} {[%emt 00:00:04]} e5 {[%clk 00:04:47]} {[%emt 00:00:12]}
11. dxe5 {[%clk 00:04:49]} {[%emt 00:00:03]} dxe5 {[%clk 00:04:46]} {[%emt
00:00:03]} 12. Rfd1 {[%clk 00:04:21]} {[%emt 00:00:31]} e4 {[%clk 00:04:37]}
{[%emt 00:00:11]} 13. Nd4 {[%clk 00:04:15]} {[%emt 00:00:07]} Re8 {[%clk
00:04:28]} {[%emt 00:00:12]} 14. Ncb5 {[%clk 00:03:46]} {[%emt 00:00:31]} e3
{[%clk 00:04:16]} {[%emt 00:00:14]} 15. fxe3 {[%clk 00:03:43]} {[%emt
00:00:05]} Bh6 {[%clk 00:04:12]} {[%emt 00:00:05]} 16. Bxb7 {[%clk 00:03:31]}
{[%emt 00:00:14]} Rxb7 {[%clk 00:04:10]} {[%emt 00:00:05]} 17. Nc2 {[%clk
00:03:10]} {[%emt 00:00:22]} Qe7 {[%clk 00:03:50]} {[%emt 00:00:22]} 18. Bd4
{[%clk 00:02:55]} {[%emt 00:00:17]} c5 {[%clk 00:03:48]} {[%emt 00:00:05]} 19.
Bxf6 {[%clk 00:02:51]} {[%emt 00:00:06]} Nxf6 {[%clk 00:03:47]} {[%emt
00:00:03]} 20. Nd6 {[%clk 00:02:32]} {[%emt 00:00:20]} Rd7 {[%clk 00:03:35]}
{[%emt 00:00:15]} 21. Nf5 {[%clk 00:02:09]} {[%emt 00:00:25]} gxf5 {[%clk
00:03:30]} {[%emt 00:00:07]} 22. Qe1 {[%clk 00:02:00]} {[%emt 00:00:11]} Rxd1
{[%clk 00:03:25]} {[%emt 00:00:07]} 23. Rxd1 {[%clk 00:01:58]} {[%emt
00:00:04]} Bxe3+ {[%clk 00:03:23]} {[%emt 00:00:03]} 24. Nxe3 {[%clk 00:01:51]}
{[%emt 00:00:09]} Qxe3+ {[%clk 00:03:23]} {[%emt 00:00:02]} 25. Kh1 {[%clk
00:01:51]} {[%emt 00:00:02]} Ng4 {[%clk 00:03:17]} {[%emt 00:00:08]} 26. Qf1
{[%clk 00:01:25]} {[%emt 00:00:27]} Nf2+ {[%clk 00:03:15]} {[%emt 00:00:05]} 27.
Kg2 {[%clk 00:01:24]} {[%emt 00:00:03]} Nxd1 {[%clk 00:03:15]} {[%emt
00:00:02]} 28. Qxd1 {[%clk 00:01:21]} {[%emt 00:00:05]} Qxe2+ {[%clk 00:03:15]}
{[%emt 00:00:02]} 29. Qxe2 {[%clk 00:01:21]} {[%emt 00:00:01]} Rxe2+ {[%clk
00:03:16]} {[%emt 00:00:02]} 30. Kf3 {[%clk 00:01:22]} {[%emt 00:00:02]} Rxa2
{[%clk 00:03:16]} {[%emt 00:00:02]} 31. Kf4 {[%clk 00:01:22]} {[%emt 00:00:01]}
Rxh2 {[%clk 00:03:16]} {[%emt 00:00:03]} 32. Kxf5 {[%clk 00:01:22]} {[%emt
00:00:02]} Rb2 {[%clk 00:03:16]} {[%emt 00:00:02]} 33. Ke5 {[%clk 00:01:22]}
{[%emt 00:00:02]} Rxb3 {[%clk 00:03:16]} {[%emt 00:00:02]} 34. Kd5 {[%clk
00:01:22]} {[%emt 00:00:01]} a5 {[%clk 00:03:12]} {[%emt 00:00:06]} 35. g4
{[%clk 00:01:22]} {[%emt 00:00:02]} a4 {[%clk 00:03:12]} {[%emt 00:00:02]} 36.
Kc6 {[%clk 00:01:22]} {[%emt 00:00:03]} Rc3 {[%clk 00:03:13]} {[%emt 00:00:01]}
37. Kxb6 {[%clk 00:01:21]} {[%emt 00:00:03]} a3 {[%clk 00:03:13]} {[%emt
00:00:01]} 38. Kb5 {[%clk 00:01:19]} {[%emt 00:00:03]} a2 {[%clk 00:03:14]}
{[%emt 00:00:03]} 39. g5 {[%clk 00:01:19]} {[%emt 00:00:01]} Rxc4 {[%clk
00:03:12]} {[%emt 00:00:04]} 40. Kxc4 {[%clk 00:01:18]} {[%emt 00:00:04]} a1=R
{[%clk 00:03:13]} {[%emt 00:00:02]} 41. Kxc5 {[%clk 00:01:16]} {[%emt
00:00:02]} f6 {[%clk 00:03:13]} {[%emt 00:00:02]} 42. gxf6 {[%clk 00:01:15]}
{[%emt 00:00:03]} Kf7 {[%clk 00:03:14]} {[%emt 00:00:01]} 43. Kd4 {[%clk
00:01:15]} {[%emt 00:00:02]} h5 {[%clk 00:03:14]} {[%emt 00:00:02]} 44. Ke3
{[%clk 00:01:16]} {[%emt 00:00:02]} h4 {[%clk 00:03:15]} 45. Kf3 {[%clk
00:01:17]} {[%emt 00:00:02]} h3 {[%clk 00:03:16]} {[%emt 00:00:01]} 46. Kg3
{[%clk 00:01:16]} {[%emt 00:00:02]} Kxf6 {[%clk 00:03:16]} {[%emt 00:00:02]} 47.
Kxh3 {[%clk 00:01:16]} {[%emt 00:00:02]} Rg1 {[%clk 00:03:17]} {[%emt
00:00:02]} 48. Kh4 {[%clk 00:01:17]} {[%emt 00:00:01]} Kf5 {[%clk 00:03:18]}
{[%emt 00:00:01]} 49. Kh3 {[%clk 00:01:17]} {[%emt 00:00:02]} Rg7 {[%clk
00:03:18]} {[%emt 00:00:02]} 50. Kh4 {[%clk 00:01:17]} {[%emt 00:00:02]} Rg8
{[%clk 00:03:18]} {[%emt 00:00:02]} 51. Kh3 {[%clk 00:01:17]} {[%emt 00:00:01]}
Kf4 {[%clk 00:03:19]} {[%emt 00:00:01]} 52. Kh2 {[%clk 00:01:18]} {[%emt
00:00:01]} Kf3 {[%clk 00:03:20]} {[%emt 00:00:02]} 53. Kh1 {[%clk 00:01:19]}
Kf2 {[%clk 00:03:21]} {[%emt 00:00:01]} 54. Kh2 {[%clk 00:01:20]} Rh8 {[%clk
00:03:22]} {[%emt 00:00:01]} 0-1